000 00530nam a2200157 4500
001 107618
003 ES-MaACL
007 t|
008 061121s1953 sp r ||||1| cat d
100 1 _aMoscardó Cervera, Federico.
_983741
245 1 0 _aBreu compendi de la historia de Valencia /
_cpor Frederic Moscardó Cervera; amb un proleg de Baltassar Rull.
260 _aValencia :
_b[s.n],
_c1953 (
_fImp.V.Cortell)
300 _a304 p. :
_bil. ;
_c21 cm.
700 1 _aRull, Baltassar.
_9100976
852 _aES-MaACL
_jC-7287
_bR.35307
999 _c107618
_d107618